Treading the Delft Path (Record no. 72121)
[ view plain ]
| 000 -LEADER | |
|---|---|
| fixed length control field | 01244cam a2200253 4500 |
| 001 - CONTROL NUMBER | |
| control field | ABS66440 |
| 008 - FIXED-LENGTH DATA ELEMENTS--GENERAL INFORMATION | |
| fixed length control field | 030218n2003 000 0 eng u |
| 035 ## - SYSTEM CONTROL NUMBER | |
| System control number | (Sirsi) u121362 |
| 100 ## - MAIN ENTRY--PERSONAL NAME | |
| Personal name | Brown, T. |
| 245 ## - TITLE STATEMENT | |
| Title | Treading the Delft Path |
| 260 ## - PUBLICATION, DISTRIBUTION, ETC. | |
| Date of publication, distribution, etc. | 2003 |
| 490 ## - SERIES STATEMENT | |
| Series statement | Inside Housing |
| Volume/sequential designation | 17 January 2003, 20(1) |
| 520 ## - SUMMARY, ETC. | |
| Summary, etc. | Evaluates the successful application of the Delft model of choice-based lettings schemes in Britain, focusing on Harborough Home Search. The Harborough scheme is integrated with broader policy initiatives, has its own website, has links with other projects including a potential sub-regional lettings scheme and undergoes monitoring and evaluation by De Montfort University. The basic Delft principles of customer initiative, transparent selection criteria, high-quality communications, support for vulnerable groups and comprehensive market, property and neighbourhood information have transferred positively in Harborough. |
| 590 ## - LOCAL NOTE (RLIN) | |
| Local note | ABS |
| 650 ## - SUBJECT ADDED ENTRY--TOPICAL TERM | |
| Topical term or geographic name entry element | DELFT MODEL |
| 650 ## - SUBJECT ADDED ENTRY--TOPICAL TERM | |
| Topical term or geographic name entry element | CHOICE-BASED LETTINGS SYSTEMS |
| 650 ## - SUBJECT ADDED ENTRY--TOPICAL TERM | |
| Topical term or geographic name entry element | NETHERLANDS |
| 650 ## - SUBJECT ADDED ENTRY--TOPICAL TERM | |
| Topical term or geographic name entry element | HOUSING ALLOCATION |
| 650 ## - SUBJECT ADDED ENTRY--TOPICAL TERM | |
| Topical term or geographic name entry element | HARBOROUGH |
| 650 ## - SUBJECT ADDED ENTRY--TOPICAL TERM | |
| Topical term or geographic name entry element | SOCIAL HOUSING |
| 690 ## - LOCAL SUBJECT ADDED ENTRY--TOPICAL TERM (OCLC, RLIN) | |
| Topical term or geographic name as entry element | Affordable housing |
| 9 (RLIN) | 6215 |
| 700 ## - ADDED ENTRY--PERSONAL NAME | |
| Personal name | Yates, N. |
| 942 ## - ADDED ENTRY ELEMENTS (KOHA) | |
| Suppress in OPAC | 0 |
| Withdrawn status | Lost status | Source of classification or shelving scheme | Damaged status | Not for loan | Home library | Current library | Shelving location | Date acquired | Total Checkouts | Full call number | Barcode | Date last seen | Copy number | Price effective from | Koha item type |
|---|---|---|---|---|---|---|---|---|---|---|---|---|---|---|---|
| Dewey Decimal Classification | London | London | Journal article | 19/02/2003 | ABS66440 | 121362-1001 | 06/08/2019 | 1 | 06/08/2019 | Journal article |